| 000 | 01814cam a22004217i 4500 | ||
|---|---|---|---|
| 999 |
_c127506 _d127506 |
||
| 001 | 19222637 | ||
| 003 | ARRUPE | ||
| 005 | 20180125142932.0 | ||
| 008 | 160809t20162016gw bm 000 0 eng d | ||
| 010 | _a 2015431802 | ||
| 020 | _a9783631660553 (pbk.) | ||
| 020 | _a3631660553 (pbk.) | ||
| 020 | _z9783653053876 (online) | ||
| 024 | 3 | _a9783631660553 | |
| 035 | _a(OCoLC)ocn949848680 | ||
| 040 |
_aOHX _beng _cOHX _erda _dOCLCO _dBTCTA _dTEF _dOCLCO _dOCLCF _dEMT _dDLC |
||
| 042 | _alccopycat | ||
| 050 | 0 | 0 |
_aBR1450 _b.B496 2016 |
| 082 | 0 | 0 |
_a262.00968 _223 |
| 100 | 1 |
_aBerggren, Erik, _d1964- _eauthor. _938892 |
|
| 245 | 1 | 0 |
_aCatholicity challenging ethnicity _ban ecclesiological study of congregations and churches in post-apartheid South Africa / _cErik Berggren. |
| 260 |
_aFrankfurt _bPeter Lang _c2016 |
||
| 300 |
_a448 pages ; _c21 cm |
||
| 440 |
_aEuropean university studies. Series Theology, _n954 _938893 |
||
| 504 | _aIncludes bibliographical references (pages 415-445). | ||
| 650 | 0 |
_aChurch and race relations _zSouth Africa. _938894 |
|
| 776 | 0 | _w(GyWOH)har165010192 | |
| 830 | 0 |
_aEuropäische Hochschulschriften. _nReihe XXIII, _pTheologie ; _vBd. 954. _938895 |
|
| 906 |
_a7 _bcbc _ccopycat _d2 _encip _f20 _gy-gencatlg |
||
| 942 |
_2lcc _cMONOGRAPH |
||